00786nam a2200205 a 450000100100000000500170001000800410002702000180006804000250008608200180011124501770012926000440030630000280035050000730037865000430045170000250049470000180051970000220053770000210055900001555720200929164057.0100212s2009 dr a r 000 0 spa d a9789945870312 aDO-SdBNPbspacBNPHU a378.01bD451i00aDeserción en las instituciones de educación superior a distancia en América Latina y el Caribe /cÁngel Hernández, Claudio Rama, Yanet Jiminián, Magdalena Cruz. aSanto Domingo :bEdiciones UAPA,c2009. a221 P. :bil. ;c24 cm. aIncluye referencias bibliográficas y notas al pie de las páginas 4aEducación superiorzAmérica Latina1 aHernández, Ángel1 aRama, Claudio1 aJiminián, Yanet1 aCruz, Jiminián